000 00609nam a2200181Ia 4500
008 151018s9999 xx 000 0 und d
082 _bRBASDV9783
_a891.462
100 _aशिरीष पै
245 _aकळी एकदा फुलली होती
250 _b1
260 _bपरचुरे प्रकाशन मुंबई
_c1974
300 _a76
600 _aशिरीष पै
630 _aकळी एकदा फुलली होती
700 _aशिरीष पै
730 _aकळी एकदा फुलली होती
942 _cBOOK
999 _c1012147
_d1012144